01177nam a2200325 i 45000010005000000030009000050050017000140080039000310150017000700400041000870460009001280800007001370800008001440800012001522450217001642500024003812600031004053000034004363800017004703880014004875040034005016580031005356500016005666550013005827100032005957000034006277000049006617000044007108560097007547826KOSZ 00520200422152541.0070620s1969 pl a f f 001 0 pol aPB 1969/2646 aWA NcWA NdKOSZ 005/RWdKOSZ 005/HR k1969 a69 a624 a(083.1)00aPoradnik inżyniera i technika budowlanego.nT. 2 cz. 2 /c[aut. Władysław Danilecki et al. ; red. Eugeniusz Piliszek, Eugenia Krzemińska-Niemiec] ; Polski Związek Inżynierów i Techników Budownictwa. aWyd. 2 zm. i rozsz. aWarszawa :bArkady,c1969. a1178, [6] s. :bil. ;c23 cm. aKsiążki. a1901-2000 aBibliogr. przy rozdz. Indeks. aArchitektura i budownictwo 4aBudownictwo 4aPoradnik2 aWydawnictwo "Arkady".4pbl.1 aDanilecki, WładysławeAutor1 aPiliszek, Eugeniuszc(budownictwo)eRedakcja1 aKrzemińska-Niemiec, EugeniaeRedakcja uhttp://koha.tu.koszalin.pl/cgi-bin/koha/opac-detail.pl?biblionumber=7826yKatalog online BPK